Introduction to Computers and Information Systems. (Record no. 59)

MARC details
005 - DATE AND TIME OF LATEST TRANSACTION
control field 20250616122146.0
020 ## - INTERNATIONAL STANDARD BOOK NUMBER
International Standard Book Number 9-780675-207683
082 ## - DEWEY DECIMAL CLASSIFICATION NUMBER
Classification number 001.64 SZY
100 ## - MAIN ENTRY--PERSONAL NAME
Author name SZYMANSKI, R. A.
245 ## - TITLE STATEMENT
Title Introduction to Computers and Information Systems.
260 ## - PUBLICATION, DISTRIBUTION, ETC.
Place of publication, distribution, etc. Columbus,
Name of publisher, distributor, etc. Merrill Publishing Company,
Date of publication, distribution, etc. 1988.
300 ## - PHYSICAL DESCRIPTION
Extent xxx, 577p.: ill.; figure, picture, table.
Other physical details Glossary & Index
Dimensions 25cm
700 ## - ADDED ENTRY--PERSONAL NAME
Other authors/Editors SZYMANSKI, D. P, MORRIS, N. A. & PULSCHEN, D. M.
942 ## - ADDED ENTRY ELEMENTS (KOHA)
Source of classification or shelving scheme Dewey Decimal Classification
Koha item type Books
Holdings
Date last seen Total checkouts Full call number Barcode Cost, replacement price Price effective from Koha item type Lost status Source of classification or shelving scheme Damaged status Not for loan Withdrawn status Home library Current library Shelving location Date acquired Cost, normal purchase price
03/06/2025   001.64 SZY 000000116 60000.00 03/06/2025 Books   Dewey Decimal Classification       College of Business Education Main Library College of Business Education Main Library General Collection 03/06/2025 20000.00